00303nam a2200133Ia 45000030006000000080041000060400015000471000020000622450021000822600033001033000006001365460010001420050017001520STCL150530s9999 xx 000 0 und d aSTCLcSTCL aSaht Ram Vatsay aKahani KI Kahani bNational; Delhic1961aDelhi a0 aHindi20220125171236.0